000
00275 a2200109 4500
001
12706
082
_a
621.3841122 SIZ
090
_c
9702
_d
9702
100
_a
Sizun,H
245
_a
Radio wave propagation for telecommunication applications.
260
_b
Springer
_c
2005
942
_a
NUST-CAE
_k
621.3841122 SIZ
999
_c
247779
_d
247779